Os derivados do leite na alimentacão e na indústria (Record no. 45519)
[ view plain ]
| 000 -Etiqueta do registo | |
|---|---|
| Valores | 00581cam a22001811 4500 |
| 100 ## - Dados gerais de processamento | |
| Dados gerais | 19940104d1945 m y0pory5003 ba |
| 101 0# - Língua de publicação | |
| Língua | por |
| 102 ## - País de publicação | |
| País | PT |
| 200 1# - Titulo e menção de responsabilidade | |
| Título próprio | Os derivados do leite na alimentacão e na indústria |
| Primeira menção de responsabilidade | F. Vieira de Sá |
| 210 #9 - Publicação | |
| Local de publicação | Lisboa |
| Nome do editor | Edições Cosmos, |
| Data de publicação | imp. 1945 |
| 215 ## - Descrição física | |
| Paginação / Volumes | 132, [4] p. |
| Outras indicações físicas | il. |
| Dimensões | 19 cm |
| 225 2# - Colecção | |
| Título próprio da colecção | Biblioteca Cosmos |
| Indicação de volume | 88 |
| Número de parte ou secção | 7.ª seccão. |
| Nome de parte ou secção | Problemas do nosso tempo. Produção Animal na Civilização |
| Indicação de volume | 12 |
| 675 ## - CDU | |
| Notação | 637.1 |
| 700 #1 - Autor principal | |
| Apelido | Sá, |
| Nome | Fernando Vieira de, |
| Datas | 1914-2015 |
| 801 #0 - Fonte de origem | |
| País | PT |
| Agência | BN |
| Regras de catalogação | RPC |
| 990 ## - Elementos KOHA | |
| Tipo de documento | MON |
| Aquisição | Empréstimo | Código de barras | Cota | Permissão de empréstimo | Tipo de documento | Nota relativa ao exemplar |
|---|---|---|---|---|---|---|
| Biblioteca Municipal de Redondo | Biblioteca Municipal de Redondo | 056223 | 637.1 SA | Consulta presencial | Livro | oferta de Vergílio Ambrósio |